Dungeons & Dragons 5e, classes - Statistics

General Stats
  • This quiz has been taken 179 times
  • The average score is 63 of 127
Answer Stats
Book Class Subclasses % Correct
Player's Handbook Ranger Beast Master Hunter
97%
Player's Handbook Bard College of Lore College of Valor
95%
Player's Handbook Barbarian Path of the Berserker Path of the Totem Warrior
94%
Player's Handbook Druid Circle of the Land Circle of the Moon
92%
Player's Handbook Fighter Battle Master Champion Eldritch Knight
92%
Player's Handbook Rogue Arcane Trickster Assassin Thief
92%
War Domain
92%
Player's Handbook Wizard School of Abjuration School of Conjuration School of Divination School of Enchantment
90%
Player's Handbook Cleric Knowledge Domain Life Domain Light Domain Nature Domain
89%
Player's Handbook Paladin Oath of the Ancients Oath of Devotion Oath of Vengeance
89%
Player's Handbook Warlock The Archfey The Fiend The Great Old One
89%
Eberron: Rising from the Last War Tasha's Cauldron of Everything Artificer Alchemist Artillerist Battle Smith
87%
Player's Handbook Monk Way of the Four Elements Way of the Open Hand Way of Shadow
87%
Player's Handbook Sorcerer Draconic Bloodline Wild Magic
87%
Assassin
71%
Thief
68%
Life Domain
67%
Circle of the Moon
65%
Path of Wild Magic
65%
Wild Magic
65%
Light Domain
63%
Path of the Beast
62%
Path of the Berserker
62%
Champion
60%
Oathbreaker
60%
School of Conjuration
60%
School of Necromancy
60%
Alchemist
59%
Arcane Trickster
59%
School of Abjuration
59%
Death Domain
57%
Hunter
57%
School of Evocation
57%
The Fiend
57%
Battle Master
56%
Circle of the Land
56%
Way of the Open Hand
56%
Beast Master
54%
College of Lore
54%
College of Swords
54%
College of Valor
54%
Way of Shadow
54%
Oath of Vengeance
52%
Path of the Totem Warrior
52%
School of Transmutation
52%
Mastermind
51%
Nature Domain
51%
Oath of the Ancients
51%
Swashbuckler
51%
Eldritch Knight
49%
School of Divination
49%
School of Illusion
49%
The Celestial
49%
Way of the Four Elements
49%
College of Whispers
48%
Forge Domain
48%
The Archfey
48%
Arcana Domain
46%
Arcane Archer
46%
Cavalier
46%
Circle of Spores
46%
Gloom Stalker
46%
Knowledge Domain
46%
Oath of Devotion
46%
Samurai
46%
Way of the Drunken Master
46%
Circle of Stars
44%
Oath of the Crown
44%
Soulknife
44%
The Great Old One
44%
Trickery Domain
44%
Artillerist
43%
Way of the Long Death
43%
Draconic Bloodline
41%
Grave Domain
41%
Horizon Walker
41%
Order Domain
41%
Purple Dragon Knight / Banneret
41%
Tempest Domain
41%
The Undying
41%
Way of the Kensei
41%
Armorer
40%
Battle Smith
40%
College of Glamour
40%
Echo Knight
40%
Inquisitive
40%
Oath of Conquest
40%
Path of the Zealot
40%
School of Enchantment
40%
Way of the Sun Soul
40%
Circle of the Shepherd
38%
Scout
38%
The Hexblade
38%
The Undead
38%
Way of Mercy
38%
Aberrant Mind
37%
Circle of Dreams
37%
Path of the Ancestral Guardian
37%
Path of the Storm Herald
37%
Peace Domain
37%
Circle of Wildfire
35%
Path of the Battlerager
35%
Phantom
35%
Rune Knight
35%
Twilight Domain
35%
Clockwork Soul
33%
Oath of Glory
33%
Swarmkeeper
33%
The Genie
33%
College of Creation
32%
Fey Wanderer
32%
Oath of Redemption
32%
War Magic
32%
Divine Soul
30%
Shadow Magic
30%
Bladesinging
29%
Monster Slayer
29%
Psi Warrior
29%
The Fathomless
29%
Way of the Astral Self
29%
College of Eloquence
27%
College of Spirits
27%
Storm Sorcery
27%
Order of Scribes
25%
Oath of the Watchers
24%
Chronurgy Magic
11%
Graviturgy Magic
11%
No matching quizzes found
Score Distribution
Percent of People with Each Score
Percentile by Number Answered
Your Score History
You have not taken this quiz